000
00313nam a2200133 i 4500
001
bg
245
0
_a
Stochastic geometry and it's applications.
260
_a
Berlin :
_b
Akademie-Verlag,
_c
1987.
040
_c
BPK
041
_a
pol
080
_a
519.2
942
_c
KS
008
s pl f |000 0 pol
999
_c
23625
_d
23625